[Event "Plzen, FSB A"]
[Site "?"]
[Date "2000.??.??"]
[Round "6"]
[White "Kupka, F."]
[Black "Hrbolka jr., L."]
[Result "0-1"]
[WhiteElo "2005"]
[BlackElo "2165"]
[PlyCount "76"]
[EventDate "2000.??.??"]
[Source "ChessBase"]
[SourceDate "1996.11.15"]

1. e4 c5 2. Nf3 d6 3. d4 cxd4 4. Nxd4 Nf6 5. Nc3 a6 6. Bc4 e6 7. Bb3 Be7 8. O-O
b5 9. Qe2 O-O 10. f4 Bb7 11. a3 Qc7 12. Bd2 Nbd7 13. Rae1 Nc5 14. e5 Nxb3 15.
Nxb3 dxe5 16. fxe5 Nd5 17. Kh1 Nxc3 18. Bxc3 Bd5 19. Ba5 Qb7 20. Nd2 f5 21. Bb4
Bxb4 22. axb4 f4 23. Qf2 Rf5 24. Nf3 Raf8 25. Qd2 g5 26. Nd4 R5f7 27. Rf2 Kh8
28. Kg1 g4 29. Ne2 f3 30. gxf3 Rxf3 31. Rg2 Qf7 32. Ng3 Bc4 33. Qd1 Rf2 34.
Rxf2 Qxf2+ 35. Kh1 Bd5+ 36. Ne4 g3 37. hxg3 Qxg3 38. Qd2 Rf2 0-1

[Event "Plzen, FSB A"]
[Site "?"]
[Date "2000.??.??"]
[Round "6"]
[White "Steppuhn, T."]
[Black "Houska, J."]
[Result "1-0"]
[WhiteElo "2160"]
[BlackElo "1840"]
[PlyCount "53"]
[EventDate "2000.??.??"]
[Source "ChessBase"]
[SourceDate "1996.11.15"]

1. d4 Nf6 2. Nf3 g6 3. e3 Bg7 4. Bd3 O-O 5. O-O c5 6. c3 d5 7. Nbd2 Qc7 8. Qe2
Bf5 9. e4 dxe4 10. Nxe4 Nxe4 11. Bxe4 Bxe4 12. Qxe4 cxd4 13. Nxd4 Rd8 14. Bg5
Rd7 15. Rad1 e6 16. Nxe6 fxe6 17. Qxe6+ Rf7 18. Rd8+ Bf8 19. Rfd1 Kg7 20. Rc8
Qb6 21. Bh6+ Kxh6 22. Qxf7 Bd6 23. Rd4 Qxb2 24. Rh4+ Kg5 25. Rc5+ Kxh4 26.
Qxh7+ Kg4 27. Qh3+ 1-0

[Event "Plzen, FSB A"]
[Site "?"]
[Date "2000.??.??"]
[Round "6"]
[White "Ungr, D."]
[Black "Barton, J."]
[Result "1-0"]
[WhiteElo "2155"]
[BlackElo "1940"]
[PlyCount "59"]
[EventDate "2000.??.??"]
[Source "ChessBase"]
[SourceDate "1996.11.15"]

1. d4 Nf6 2. Nf3 d5 3. g3 c6 4. Bg2 Bf5 5. c4 dxc4 6. Nc3 Nbd7 7. a4 a5 8. d5
cxd5 9. Nxd5 Nc5 10. Be3 e6 11. Nxf6+ gxf6 12. Nd4 Be4 13. Bxe4 Nxe4 14. O-O
Bb4 15. Qc2 Nd6 16. Bh6 f5 17. Rad1 Qf6 18. Qc1 Rc8 19. Nb5 Nxb5 20. axb5 Qe5
21. Qg5 Be7 22. Qd2 Qxb5 23. Bg7 Rg8 24. Qh6 Bf8 25. Bxf8 Rxf8 26. Rd2 Ke7 27.
Rfd1 Rg8 28. Qh4+ f6 29. Qxh7+ Kf8 30. Rd7 1-0

[Event "Plzen, FSB A"]
[Site "?"]
[Date "2000.??.??"]
[Round "6"]
[White "Birkenmaier, R."]
[Black "Laznicka, V."]
[Result "0-1"]
[WhiteElo "2150"]
[BlackElo "1800"]
[PlyCount "94"]
[EventDate "2000.??.??"]
[Source "ChessBase"]
[SourceDate "1996.11.15"]

1. d4 Nf6 2. Nf3 e6 3. e3 d5 4. Bd3 Be7 5. Nbd2 O-O 6. O-O c5 7. c3 Nc6 8. Qe2
a6 9. dxc5 Bxc5 10. e4 Be7 11. exd5 exd5 12. h3 Re8 13. Nb3 Bd6 14. Qc2 Ne4 15.
Bxe4 dxe4 16. Nfd4 Be6 17. Nxc6 bxc6 18. Re1 f5 19. Nd4 c5 20. Nxe6 Rxe6 21.
Qb3 Qf6 22. Bg5 Qg6 23. Rad1 Kh8 24. Qb7 Rae8 25. Qd7 Bb8 26. Bd8 f4 27. Rd5 h6
28. Rxc5 f3 29. g4 Rd6 30. Qb7 Rdxd8 31. Rd5 Rxd5 32. Qxd5 Qd6 33. Qxd6 Bxd6
34. Rd1 Bc5 35. b4 Ba7 36. Kf1 e3 37. fxe3 Bxe3 38. a4 Ba7 39. Rd7 Be3 40. c4
Re4 41. Rd3 a5 42. bxa5 f2 43. Rc3 Bc5 44. Rc1 Kh7 45. a6 Re5 46. Rd1 Kg6 47.
h4 Re4 0-1

[Event "Plzen, FSB A"]
[Site "?"]
[Date "2000.??.??"]
[Round "6"]
[White "Bujak, M."]
[Black "Vreugdenhil, F."]
[Result "1-0"]
[WhiteElo "1990"]
[BlackElo "2145"]
[PlyCount "59"]
[EventDate "2000.??.??"]
[Source "ChessBase"]
[SourceDate "1996.11.15"]

1. e4 e5 2. Nf3 Nc6 3. Bc4 Nf6 4. d4 exd4 5. O-O Bc5 6. e5 d5 7. exf6 dxc4 8.
Re1+ Be6 9. Ng5 Qd5 10. Nc3 Qf5 11. g4 Qg6 12. Nxe6 fxe6 13. Rxe6+ Kd7 14. Nd5
Rhf8 15. Qf3 Bd6 16. Qf5 Qxf5 17. gxf5 g6 18. Bh6 Rf7 19. Rae1 gxf5 20. Bf4 Nd8
21. Re8 Rb8 22. Bxd6 Kxd6 23. R1e7 Kxd5 24. Rxf7 Nxf7 25. Rxb8 c3 26. bxc3 b6
27. cxd4 Kxd4 28. Rf8 Nd6 29. f7 Kc3 30. Rc8 1-0

[Event "Plzen, FSB A"]
[Site "?"]
[Date "2000.??.??"]
[Round "6"]
[White "Hofman, M."]
[Black "Weiss, O."]
[Result "1/2-1/2"]
[WhiteElo "1900"]
[BlackElo "2140"]
[PlyCount "68"]
[EventDate "2000.??.??"]
[Source "ChessBase"]
[SourceDate "1996.11.15"]

1. Nf3 e6 2. g3 Nf6 3. Bg2 d5 4. d3 Be7 5. Nbd2 c5 6. e4 Nc6 7. O-O b6 8. Re1
Qc7 9. Nf1 Bb7 10. c3 dxe4 11. dxe4 O-O 12. Bf4 e5 13. Bg5 Rad8 14. Qc2 Ba6 15.
Rad1 Nd7 16. Ne3 Bxg5 17. Nd5 Qb7 18. Nxg5 h6 19. Nf3 c4 20. b4 cxb3 21. axb3
Nc5 22. Rd2 Ne6 23. Red1 Rc8 24. Qa2 Nc5 25. Nh4 b5 26. Nf5 Rcd8 27. Qa3 b4 28.
cxb4 Ne6 29. Ra1 Bb5 30. Rdd1 a6 31. Rac1 Ned4 32. Nxd4 Nxd4 33. Kh1 Ne2 34.
Rc5 Rd7 1/2-1/2

[Event "Plzen, FSB A"]
[Site "?"]
[Date "2000.??.??"]
[Round "6"]
[White "Drahorad, D."]
[Black "Reitinger, P."]
[Result "1/2-1/2"]
[WhiteElo "1815"]
[BlackElo "2120"]
[PlyCount "56"]
[EventDate "2000.??.??"]
[Source "ChessBase"]
[SourceDate "1996.11.15"]

1. e4 Nf6 2. Nc3 d5 3. exd5 Nxd5 4. d4 e6 5. Nf3 Be7 6. Bd3 Nd7 7. O-O Nxc3 8.
bxc3 c5 9. Re1 O-O 10. Re3 g6 11. Bb2 Nb6 12. a4 c4 13. Bf1 Bd7 14. a5 Nd5 15.
Re1 Bb5 16. Ne5 Rc8 17. Qf3 h5 18. Bc1 Kg7 19. Qg3 Bh4 20. Qh3 Qf6 21. g3 Bg5
22. f4 Bh6 23. Bd2 g5 24. Qxh5 gxf4 25. Ng4 Qg5 26. Qxh6+ Qxh6 27. Nxh6 Kxh6
28. gxf4 Kg6 1/2-1/2

[Event "Plzen, FSB A"]
[Site "?"]
[Date "2000.??.??"]
[Round "6"]
[White "Jenc, M."]
[Black "Kovar, V."]
[Result "0-1"]
[WhiteElo "1790"]
[BlackElo "2105"]
[PlyCount "46"]
[EventDate "2000.??.??"]
[Source "ChessBase"]
[SourceDate "1996.11.15"]

1. e4 g6 2. d4 Bg7 3. Bc4 d6 4. Nf3 c6 5. O-O Nf6 6. Bd3 Nbd7 7. c4 e5 8. d5
cxd5 9. exd5 O-O 10. Nc3 Nc5 11. Bc2 Nh5 12. Ne4 Nxe4 13. Bxe4 f5 14. Bc2 e4
15. Nd4 Qf6 16. Ne2 Bd7 17. Rb1 Rae8 18. Be3 f4 19. Bd4 Qg5 20. Bxg7 Bh3 21.
Ng3 fxg3 22. gxh3 gxf2+ 23. Kh1 Nxg7 0-1

[Event "Plzen, FSB A"]
[Site "?"]
[Date "2000.??.??"]
[Round "6"]
[White "Bujnoch, R."]
[Black "Strnad, J."]
[Result "1-0"]
[WhiteElo "2100"]
[BlackElo "1920"]
[PlyCount "87"]
[EventDate "2000.??.??"]
[Source "ChessBase"]
[SourceDate "1996.11.15"]

1. e4 e6 2. d4 d5 3. e5 c5 4. c3 Nc6 5. Nf3 Qb6 6. a3 c4 7. Be2 Na5 8. Nbd2 Bd7
9. O-O Ne7 10. Ne1 g6 11. g4 O-O-O 12. f4 Bg7 13. Ng2 f6 14. exf6 Bxf6 15. Nf3
Rdf8 16. Ne5 Be8 17. Rb1 Nb3 18. Be3 Qc7 19. Bf2 b5 20. Bh4 h6 21. Bxf6 Rxf6
22. g5 Rff8 23. Bg4 Nf5 24. Qe2 Qd6 25. Rbe1 hxg5 26. fxg5 Nfxd4 27. cxd4 Nxd4
28. Qd1 Qc5 29. Kh1 Rxf1+ 30. Rxf1 Nf5 31. Bxf5 exf5 32. Nf3 Rh7 33. Qd4 Qxd4
34. Nxd4 Re7 35. Re1 Re4 36. Rxe4 dxe4 37. Nf4 a5 38. Kg2 Kc7 39. Kf2 Kd6 40.
Ke3 Ke5 41. b4 cxb3 42. Nxb3 b4 43. Nxa5 bxa3 44. Nc4# 1-0

[Event "Plzen, FSB A"]
[Site "?"]
[Date "2000.??.??"]
[Round "6"]
[White "Chrz, P."]
[Black "Zeleny, T."]
[Result "1-0"]
[WhiteElo "2155"]
[BlackElo "1785"]
[PlyCount "57"]
[EventDate "2000.??.??"]
[Source "ChessBase"]
[SourceDate "1996.11.15"]

1. e4 c5 2. d4 cxd4 3. c3 d3 4. Bxd3 Nc6 5. Bc4 Nf6 6. Nf3 d6 7. e5 dxe5 8.
Qxd8+ Nxd8 9. Nxe5 Be6 10. Bb5+ Nd7 11. Na3 a6 12. Bxd7+ Bxd7 13. Nac4 Bc6 14.
Nb6 Rb8 15. Bf4 Bxg2 16. Rg1 Ne6 17. Bg3 Be4 18. Nxf7 Kxf7 19. Bxb8 g6 20. Be5
Rg8 21. Ke2 Bh6 22. Rg4 Ng5 23. Rg3 Ke6 24. Bf4 Kf5 25. Be3 Ne6 26. Bxh6 g5 27.
h4 Nf4+ 28. Ke3 Rd8 29. Rxg5+ 1-0

[Event "Plzen, FSB A"]
[Site "?"]
[Date "2000.??.??"]
[Round "6"]
[White "Pecka, F."]
[Black "Dolezal sr., R."]
[Result "1-0"]
[WhiteElo "2225"]
[BlackElo "2050"]
[PlyCount "47"]
[EventDate "2000.??.??"]
[Source "ChessBase"]
[SourceDate "1996.11.15"]

1. d4 d5 2. c4 c6 3. Nf3 Nf6 4. e3 Nbd7 5. Nc3 e6 6. Qc2 Be7 7. b3 O-O 8. Bd3
b6 9. O-O Bb7 10. Bb2 h6 11. Rac1 Rc8 12. Qe2 c5 13. Rfd1 Qc7 14. Ne5 Rfd8 15.
cxd5 Nxe5 16. dxe5 Nxd5 17. Nb5 Qb8 18. Bb1 g6 19. Qg4 h5 20. Qg3 Bc6 21. Nd6
Bxd6 22. exd6 Qxd6 23. Qg5 Kh7 24. Qxh5+ 1-0

[Event "Plzen, FSB A"]
[Site "?"]
[Date "2000.??.??"]
[Round "6"]
[White "Hoff, T."]
[Black "Kreiser, U."]
[Result "0-1"]
[WhiteElo "2050"]
[BlackElo "2155"]
[PlyCount "88"]
[EventDate "2000.??.??"]
[Source "ChessBase"]
[SourceDate "1996.11.15"]

1. Nf3 f5 2. g3 Nf6 3. d4 g6 4. c4 Bg7 5. Bg2 d6 6. Qa4+ c6 7. O-O O-O 8. Nc3
h6 9. Nh4 g5 10. Nf3 Qc7 11. d5 c5 12. Rd1 Bd7 13. Qc2 a6 14. a4 b6 15. Nd2 Ng4
16. h3 Ne5 17. b3 f4 18. gxf4 gxf4 19. Kh2 Bf5 20. Nce4 Ng6 21. Bb2 Nd7 22. Rg1
Nde5 23. Nb1 Kh8 24. Nbd2 Rf7 25. Nf3 Qd7 26. Nxe5 Nxe5 27. Rab1 Bh7 28. Bc3
Qf5 29. f3 Qh5 30. Rbf1 Rg8 31. Qb2 Bf5 32. Nf2 Bf6 33. Bh1 Rg3 34. Rxg3 fxg3+
35. Kxg3 Qh4+ 36. Kg2 Rg7+ 37. Ng4 Bxg4 38. fxg4 Nxg4 39. Kf3 Nh2+ 40. Ke3
Nxf1+ 41. Kd3 Bxc3 42. Qxc3 Qxh3+ 43. Bf3 Qf5+ 44. Be4 Qf4 0-1

[Event "Plzen, FSB A"]
[Site "?"]
[Date "2000.??.??"]
[Round "6"]
[White "Ptacek, M."]
[Black "Gritsch, C."]
[Result "1-0"]
[WhiteElo "2035"]
[BlackElo "2155"]
[PlyCount "91"]
[EventDate "2000.??.??"]
[Source "ChessBase"]
[SourceDate "1996.11.15"]

1. c4 c6 2. d4 d5 3. a4 dxc4 4. e4 e5 5. d5 Nf6 6. Nc3 Bb4 7. Bxc4 Nxe4 8. Qb3
a5 9. Nf3 Nc5 10. Qd1 cxd5 11. Bxd5 e4 12. Ne5 Nd3+ 13. Nxd3 Bxc3+ 14. bxc3
Qxd5 15. Nf4 Qxd1+ 16. Kxd1 O-O 17. Ke2 Nc6 18. Rd1 Re8 19. Be3 Ne5 20. h3 Be6
21. Nxe6 Rxe6 22. Rab1 Re7 23. Rb5 f6 24. Rdd5 Rc8 25. Bd4 Nc4 26. Rbc5 Rec7
27. Rd8+ Rxd8 28. Rxc7 Nb2 29. Rxb7 Nxa4 30. Rb3 Rc8 31. Ke3 Rc4 32. Ke2 Nc5
33. Rb8+ Kf7 34. Rc8 Rxd4 35. cxd4 Ne6 36. Ke3 f5 37. Ra8 Kf6 38. Rxa5 g5 39.
Ra6 Kf7 40. g3 h5 41. d5 f4+ 42. Kd2 Nc5 43. Ra7+ Kf6 44. gxf4 gxf4 45. Rh7 Kg6
46. Rh8 1-0

[Event "Plzen, FSB A"]
[Site "?"]
[Date "2000.??.??"]
[Round "6"]
[White "Warnk, T."]
[Black "Gutdeutsch, O."]
[Result "1-0"]
[WhiteElo "2025"]
[BlackElo "2115"]
[PlyCount "45"]
[EventDate "2000.??.??"]
[Source "ChessBase"]
[SourceDate "1996.11.15"]

1. d4 Nf6 2. Nf3 e6 3. Bf4 d5 4. c4 c6 5. e3 Be7 6. Nc3 h6 7. h3 Nbd7 8. c5 Nf8
9. b4 Nh5 10. Bh2 f5 11. Ne5 Nf6 12. Be2 Rg8 13. O-O g6 14. b5 Bd7 15. bxc6
Bxc6 16. Nxc6 bxc6 17. Qa4 Rc8 18. Ba6 N8d7 19. Bxc8 Qxc8 20. Qxa7 Kf7 21. Rfb1
g5 22. Rb7 Qa8 23. Na4 1-0

[Event "Plzen, FSB A"]
[Site "?"]
[Date "2000.??.??"]
[Round "6"]
[White "Hejberg, C."]
[Black "Kracik, D."]
[Result "1-0"]
[WhiteElo "2115"]
[BlackElo "2045"]
[PlyCount "61"]
[EventDate "2000.??.??"]
[Source "ChessBase"]
[SourceDate "1996.11.15"]

1. d4 d5 2. c4 e6 3. Nc3 c5 4. cxd5 cxd4 5. Qxd4 Nc6 6. Qd1 exd5 7. Qxd5 Be6 8.
Qxd8+ Rxd8 9. Bg5 f6 10. Bd2 Nb4 11. Rc1 Bc5 12. Ne4 Be7 13. a3 Nc6 14. e3 f5
15. Ng3 Nf6 16. Bc4 Bxc4 17. Rxc4 f4 18. exf4 O-O 19. Nf3 Nd5 20. O-O Bd6 21.
Ne2 Rde8 22. Re1 Re7 23. g3 Rfe8 24. Kf1 Rd8 25. Nc3 Nb6 26. Rce4 Red7 27. Re8+
Rxe8 28. Rxe8+ Kf7 29. Re4 a6 30. Be3 Nc8 31. Ng5+ 1-0

[Event "Plzen, FSB A"]
[Site "?"]
[Date "2000.??.??"]
[Round "6"]
[White "Stehlik, J."]
[Black "Kovarik, J."]
[Result "1/2-1/2"]
[WhiteElo "2105"]
[BlackElo "2010"]
[PlyCount "124"]
[EventDate "2000.??.??"]
[Source "ChessBase"]
[SourceDate "1996.11.15"]

1. Nf3 Nf6 2. d4 d5 3. c4 c6 4. e3 Bg4 5. Nc3 e6 6. h3 Bxf3 7. Qxf3 Bd6 8. Bd2
Nbd7 9. Qd1 a6 10. cxd5 cxd5 11. Qb3 Qb6 12. Qxb6 Nxb6 13. Rc1 O-O 14. Bd3 Rac8
15. b3 Rc7 16. Nb1 Rxc1+ 17. Bxc1 Bb4+ 18. Ke2 Rc8 19. Bb2 Nbd7 20. Rc1 Rxc1
21. Bxc1 Ne4 22. Bb2 f5 23. f3 Nd6 24. Nc3 Bxc3 25. Bxc3 Nf6 26. Bb4 Nfe8 27.
a4 Kf7 28. Bc5 h6 29. h4 g6 30. Kd2 Ke7 31. e4 Kd7 32. e5 Nf7 33. g4 Nc7 34.
Ke3 Ke8 35. b4 Na8 36. b5 b6 37. Bxb6 Nxb6 38. a5 Na8 39. b6 Nd8 40. Bxa6 Kd7
41. b7 Nxb7 42. Bxb7 Nc7 43. Kd3 fxg4 44. fxg4 g5 45. hxg5 hxg5 46. Kc3 Nb5+
47. Kd3 Kc7 48. Ba6 Na7 49. Kc3 Nc6 50. Bb5 Nxa5 51. Kb4 Nb7 52. Be8 Kb6 53.
Bd7 Nd8 54. Ba4 Nb7 55. Bb5 Nd8 56. Be8 Nb7 57. Bf7 Nd8 58. Be8 Nb7 59. Ka4 Nd8
60. Bd7 Kc7 61. Be8 Kb6 62. Bd7 Kc7 1/2-1/2

[Event "Plzen, FSB A"]
[Site "?"]
[Date "2000.??.??"]
[Round "6"]
[White "Vlk, M."]
[Black "Hajek, J."]
[Result "0-1"]
[WhiteElo "1915"]
[BlackElo "2075"]
[PlyCount "88"]
[EventDate "2000.??.??"]
[Source "ChessBase"]
[SourceDate "1996.11.15"]

1. c4 Nf6 2. Nc3 g6 3. g3 Bg7 4. Bg2 O-O 5. Nf3 d6 6. d4 Nbd7 7. O-O c5 8. Qc2
cxd4 9. Nxd4 Rb8 10. Rd1 a6 11. b3 Qc7 12. Bb2 Ne5 13. Rac1 Nc6 14. Nd5 Nxd4
15. Bxd4 Nxd5 16. cxd5 Qxc2 17. Rxc2 Bxd4 18. Rxd4 b5 19. Rdd2 Bb7 20. Rc7 Rfc8
21. Rdc2 Rxc7 22. Rxc7 Kf8 23. e4 Ke8 24. f4 Kd8 25. Rc2 Rc8 26. Rxc8+ Kxc8 27.
Kf2 Kc7 28. Ke3 Bc8 29. Kd4 Kb6 30. h3 h6 31. b4 f6 32. h4 Kc7 33. e5 Bg4 34.
exf6 exf6 35. f5 Bxf5 36. Be4 Bxe4 37. Kxe4 h5 38. Kf4 Kd7 39. g4 hxg4 40. Kxg4
Ke7 41. h5 f5+ 42. Kg5 gxh5 43. Kxf5 h4 44. Kg4 Kf6 0-1

[Event "Plzen, FSB A"]
[Site "?"]
[Date "2000.??.??"]
[Round "6"]
[White "Ziabari, M."]
[Black "Balcar, M."]
[Result "1/2-1/2"]
[WhiteElo "2070"]
[BlackElo "1955"]
[PlyCount "50"]
[EventDate "2000.??.??"]
[Source "ChessBase"]
[SourceDate "1996.11.15"]

1. e4 c5 2. Nf3 d6 3. Nc3 Nf6 4. d4 cxd4 5. Nxd4 a6 6. Be3 e5 7. Nf3 Be6 8. Ng5
Be7 9. Nxe6 fxe6 10. Bc4 Qd7 11. f3 b5 12. Bb3 Nc6 13. O-O Na5 14. Qe2 O-O 15.
Rfd1 Rfc8 16. Qf2 Nc4 17. Bxc4 Rxc4 18. Rd2 d5 19. exd5 exd5 20. Nxd5 Nxd5 21.
Rad1 Nxe3 22. Rxd7 Nxd1 23. Qe2 Bc5+ 24. Kh1 Nf2+ 25. Kg1 Nd1+ 1/2-1/2

[Event "Plzen, FSB A"]
[Site "?"]
[Date "2000.??.??"]
[Round "6"]
[White "Decka, E."]
[Black "Haller, M."]
[Result "1-0"]
[WhiteElo "2065"]
[BlackElo "1910"]
[PlyCount "55"]
[EventDate "2000.??.??"]
[Source "ChessBase"]
[SourceDate "1996.11.15"]

1. e4 c6 2. d4 d5 3. e5 c5 4. c3 Nc6 5. f4 e6 6. Nf3 cxd4 7. cxd4 Bb4+ 8. Bd2
Qa5 9. a3 Bxd2+ 10. Qxd2 Nge7 11. b4 Qb6 12. Nc3 Nf5 13. Na4 Qd8 14. Rc1 a5 15.
b5 Na7 16. Bd3 b6 17. g4 Nh4 18. O-O Nxf3+ 19. Rxf3 Bd7 20. Nc3 Nc8 21. f5 Qh4
22. Qf4 h5 23. g5 Qg4+ 24. Qxg4 hxg4 25. Rf4 Rh5 26. g6 fxg6 27. fxe6 Bxe6 28.
Bxg6+ 1-0

[Event "Plzen, FSB A"]
[Site "?"]
[Date "2000.??.??"]
[Round "6"]
[White "Priborsky, I."]
[Black "Vladyka, V."]
[Result "1/2-1/2"]
[WhiteElo "1955"]
[BlackElo "2065"]
[PlyCount "52"]
[EventDate "2000.??.??"]
[Source "ChessBase"]
[SourceDate "1996.11.15"]

1. e4 e5 2. Nf3 Nc6 3. Bc4 Nf6 4. d4 Nxd4 5. Bxf7+ Kxf7 6. Nxe5+ Kg8 7. Qxd4 c5
8. Qc4+ d5 9. exd5 Qxd5 10. Qxd5+ Nxd5 11. O-O Bf5 12. Na3 Re8 13. f4 h5 14. c4
Nf6 15. b3 h4 16. Bb2 h3 17. g3 Rh6 18. Nb5 a6 19. Nc3 Ng4 20. Nd5 Bd6 21. Nxg4
Bxg4 22. Rae1 Rhe6 23. Rxe6 Rxe6 24. Nc3 Bc7 25. Kf2 Ba5 26. Re1 Rd6 1/2-1/2

[Event "Plzen, FSB A"]
[Site "?"]
[Date "2000.??.??"]
[Round "6"]
[White "Postupa, P."]
[Black "Svoboda, J."]
[Result "1/2-1/2"]
[WhiteElo "2165"]
[BlackElo "1820"]
[PlyCount "79"]
[EventDate "2000.??.??"]
[Source "ChessBase"]
[SourceDate "1996.11.15"]

1. e4 Nf6 2. e5 Nd5 3. d4 d6 4. Nf3 Bg4 5. h3 Bf5 6. Bd3 Bxd3 7. Qxd3 Nc6 8. c4
Nb6 9. exd6 exd6 10. O-O Be7 11. Nbd2 O-O 12. a3 d5 13. c5 Nc8 14. b4 a6 15.
Bb2 Bf6 16. Ne5 Nxe5 17. dxe5 Be7 18. f4 Na7 19. Nf3 a5 20. Nd4 Nc6 21. Nxc6
bxc6 22. f5 f6 23. e6 Qb8 24. Bc3 Qb5 25. Qxb5 cxb5 26. Bd2 c6 27. Bf4 Ra7 28.
Bd6 Rd8 29. Rae1 Kf8 30. Bf4 axb4 31. axb4 Ra2 32. Rf2 Rda8 33. Ree2 Rxe2 34.
Rxe2 Ra3 35. Kf2 Ke8 36. Bd6 Kd8 37. g4 h6 38. h4 Ke8 39. Bf4 Kd8 40. Bd6
1/2-1/2

[Event "Plzen, FSB A"]
[Site "?"]
[Date "2000.??.??"]
[Round "6"]
[White "Bantle, M."]
[Black "Hallerova, E."]
[Result "1/2-1/2"]
[WhiteElo "1970"]
[BlackElo "2150"]
[PlyCount "92"]
[EventDate "2000.??.??"]
[Source "ChessBase"]
[SourceDate "1996.11.15"]

1. d4 g6 2. c4 Bg7 3. Nc3 f5 4. g3 Nf6 5. Bg2 O-O 6. Nf3 d6 7. O-O Nc6 8. d5
Na5 9. Nd2 c5 10. Qc2 e5 11. a3 b6 12. b4 Nb7 13. Nb3 Rb8 14. e4 f4 15. f3 g5
16. g4 h5 17. h3 hxg4 18. hxg4 Kf7 19. Kf2 Rh8 20. Qd1 Rh4 21. Ra2 Qh8 22. Ke1
Rh2 23. Qe2 Bd7 24. Kd2 Qh4 25. Kd3 Kg6 26. Bd2 Rh8 27. Be1 Qh7 28. b5 Ra8 29.
a4 a5 30. Nd2 Rh8 31. Rg1 Qg8 32. Nf1 R2h7 33. Kc2 Kf7 34. Kb3 Ke7 35. Qd1 Nd8
36. Rd2 Nf7 37. Rc2 Kd8 38. Rd2 Kc7 39. Ra2 Qc8 40. Rd2 Nh6 41. Nh2 Nhg8 42.
Nf1 Ne7 43. Rb2 Ng6 44. Qd3 Nh4 45. Bh1 Rf8 46. Qd1 Rfh8 1/2-1/2

[Event "Plzen, FSB A"]
[Site "?"]
[Date "2000.??.??"]
[Round "6"]
[White "Jenicek, J."]
[Black "Chalupecky, V."]
[Result "0-1"]
[WhiteElo "2135"]
[BlackElo "1970"]
[PlyCount "80"]
[EventDate "2000.??.??"]
[Source "ChessBase"]
[SourceDate "1996.11.15"]

1. Nf3 d5 2. c4 c6 3. b3 Nf6 4. Bb2 g6 5. g3 Bg7 6. Bg2 O-O 7. O-O Nbd7 8. d3
Qc7 9. Nbd2 e5 10. cxd5 Nxd5 11. e4 N5b6 12. d4 exd4 13. Bxd4 Ne5 14. Bxe5 Bxe5
15. Nxe5 Qxe5 16. Qc2 Be6 17. Rad1 Nd7 18. Kh1 Qh5 19. Nf3 Bg4 20. Rd2 Rad8 21.
Nh4 g5 22. Nf5 Ne5 23. f3 Nxf3 24. Ne7+ Kg7 25. Rxf3 Rxd2 26. Qxd2 Bxf3 27.
Qc3+ f6 28. Bxf3 g4 29. Nf5+ Kh8 30. Be2 Qg5 31. Ne3 h5 32. Qd4 c5 33. Qc3 Re8
34. Qd3 Qe5 35. Nc4 Qxe4+ 36. Qxe4 Rxe4 37. Bd3 Re1+ 38. Kg2 b5 39. Kf2 Rh1 40.
Kg2 bxc4 0-1

[Event "Plzen, FSB A"]
[Site "?"]
[Date "2000.??.??"]
[Round "6"]
[White "Nielsen, T."]
[Black "Janke, G."]
[Result "1/2-1/2"]
[WhiteElo "2115"]
[BlackElo "1820"]
[PlyCount "74"]
[EventDate "2000.??.??"]
[Source "ChessBase"]
[SourceDate "1996.11.15"]

1. e4 e6 2. d4 d5 3. Nc3 Bb4 4. e5 c5 5. a3 Bxc3+ 6. bxc3 Nc6 7. Qg4 g6 8. Nf3
Qa5 9. Bd2 Qa4 10. Rc1 c4 11. Be2 h6 12. O-O b5 13. Nh4 Nce7 14. f4 Bd7 15. Qg3
Qa5 16. Ra1 Qa4 17. Rfc1 a6 18. Qe1 O-O-O 19. Qd1 Qa5 20. Nf3 f6 21. Rcb1 Kc7
22. Qe1 f5 23. Qh4 Rf8 24. Qg3 Qa4 25. Bd1 Rf7 26. Rb4 Qa5 27. Be2 Nc6 28. Qxg6
Rfh7 29. Rbb1 Nge7 30. Qg3 Rg8 31. Qe1 Rhg7 32. Bf1 Qa4 33. Rc1 Nd8 34. Rab1
Ndc6 35. Kh1 Ng6 36. Nh4 Qa5 37. Nxg6 Rxg6 1/2-1/2

[Event "Plzen, FSB A"]
[Site "?"]
[Date "2000.??.??"]
[Round "6"]
[White "Snaidr, J."]
[Black "Ceplecha, T."]
[Result "0-1"]
[WhiteElo "2015"]
[BlackElo "2005"]
[PlyCount "92"]
[EventDate "2000.??.??"]
[Source "ChessBase"]
[SourceDate "1996.11.15"]

1. d4 f5 2. g3 Nf6 3. Bg2 g6 4. Nc3 Bg7 5. Nh3 d6 6. Nf4 O-O 7. O-O c6 8. d5
Re8 9. Qd2 e5 10. dxe6 Bxe6 11. Rd1 d5 12. e3 Bf7 13. b3 Ne4 14. Bxe4 fxe4 15.
Bb2 Nd7 16. Ng2 Ne5 17. Ne1 Qc8 18. Na4 Be6 19. Bxe5 Bxe5 20. Rab1 Bg4 21. Rdc1
Qf5 22. Nc3 Rf8 23. Nd1 Rad8 24. c3 h5 25. Rc2 Bf3 26. Nxf3 exf3 27. e4 dxe4
28. Qe1 Bc7 29. Ne3 Qe6 30. Rd1 Bb6 31. Rcd2 Rxd2 32. Rxd2 Rd8 33. Rxd8+ Bxd8
34. Qf1 Bb6 35. Nc4 Kf7 36. h4 Bc5 37. Kh2 b5 38. Nd2 Kf6 39. Qe1 Kf5 40. c4
Bb4 41. Qe3 Bxd2 42. Qxd2 e3 43. fxe3 bxc4 44. Qd4 Qd5 45. Qf4+ Ke6 46. e4 Qd1
0-1

[Event "Plzen, FSB A"]
[Site "?"]
[Date "2000.??.??"]
[Round "6"]
[White "Vagner, T."]
[Black "Dvorak, M."]
[Result "1-0"]
[WhiteElo "2060"]
[BlackElo "1800"]
[PlyCount "71"]
[EventDate "2000.??.??"]
[Source "ChessBase"]
[SourceDate "1996.11.15"]

1. e4 c5 2. Nf3 d6 3. c3 Nf6 4. Be2 Nc6 5. d3 e6 6. h3 Be7 7. O-O h6 8. Qc2 Bd7
9. Ne1 d5 10. f4 dxe4 11. dxe4 a6 12. Be3 Rc8 13. Nd2 Nd4 14. Qd1 Nxe2+ 15.
Qxe2 Bc6 16. Bf2 Qc7 17. e5 Nd5 18. Qg4 O-O 19. c4 Nxf4 20. Qxf4 Bg5 21. Qg3
Bxd2 22. Bxc5 Rfd8 23. Bd6 Qb6+ 24. Kh2 Qxb2 25. Nd3 Qc2 26. Rf2 Qc3 27. Rd1
Rxd6 28. exd6 Bg5 29. Ne5 Qxg3+ 30. Kxg3 Ba4 31. Rd3 f6 32. Ng6 Rxc4 33. h4 Bd7
34. hxg5 hxg5 35. Kh2 Rc1 36. Rh3 1-0

[Event "Plzen, FSB A"]
[Site "?"]
[Date "2000.??.??"]
[Round "6"]
[White "Schwarz, M."]
[Black "van Dijk, T."]
[Result "0-1"]
[WhiteElo "1960"]
[BlackElo "2040"]
[PlyCount "60"]
[EventDate "2000.??.??"]
[Source "ChessBase"]
[SourceDate "1996.11.15"]

1. c4 f5 2. g3 Nf6 3. Bg2 e5 4. Nc3 d6 5. d3 g6 6. e3 Bg7 7. Nge2 O-O 8. O-O c6
9. Rb1 Be6 10. b4 Nbd7 11. b5 Qc7 12. bxc6 bxc6 13. Ba3 Rfc8 14. Qa4 Bf7 15.
Qa6 Nb6 16. Bb4 e4 17. c5 dxc5 18. Bxc5 Nfd7 19. Ba3 Nb8 20. Qa5 exd3 21. Nd4
Qd7 22. Na4 Nc4 23. Qc3 Na6 24. Nc5 Nxc5 25. Bxc5 Bd5 26. Rb4 Ne5 27. Rfb1 Bxg2
28. Kxg2 Qd5+ 29. Kg1 Nf3+ 30. Kf1 Nxd4 0-1

[Event "Plzen, FSB A"]
[Site "?"]
[Date "2000.??.??"]
[Round "6"]
[White "Horyna, J."]
[Black "Polak, B."]
[Result "1/2-1/2"]
[WhiteElo "1855"]
[BlackElo "2005"]
[PlyCount "54"]
[EventDate "2000.??.??"]
[Source "ChessBase"]
[SourceDate "1996.11.15"]

1. c4 Nf6 2. Nc3 g6 3. g3 Bg7 4. Bg2 O-O 5. Nf3 d6 6. O-O e5 7. d4 Nbd7 8. h3
c6 9. Bg5 h6 10. Be3 Qe7 11. Qc2 Ne8 12. Rfd1 Nc7 13. Rac1 f5 14. d5 c5 15. Bd2
e4 16. Nh2 Ne5 17. b3 a6 18. Na4 b5 19. Nb6 Rb8 20. Nxc8 Rfxc8 21. f4 exf3 22.
exf3 bxc4 23. bxc4 Qd7 24. Rb1 Re8 25. Re1 Nf7 26. Rxb8 Rxb8 27. f4 Rb2 1/2-1/2

[Event "Plzen, FSB A"]
[Site "?"]
[Date "2000.??.??"]
[Round "6"]
[White "Hercik, J."]
[Black "Kafka, L."]
[Result "0-1"]
[WhiteElo "1950"]
[BlackElo "1925"]
[PlyCount "84"]
[EventDate "2000.??.??"]
[Source "ChessBase"]
[SourceDate "1996.11.15"]

1. e4 c5 2. g3 Nc6 3. Bg2 g6 4. f4 Bg7 5. c3 d6 6. Nf3 Nf6 7. d3 O-O 8. O-O Rb8
9. h3 Qc7 10. Be3 b5 11. Qc2 e5 12. Qf2 Nh5 13. f5 b4 14. g4 Nf4 15. Bxf4 exf4
16. Qh4 Qe7 17. Rf2 Qxh4 18. Nxh4 g5 19. Nf3 h6 20. h4 Ne5 21. hxg5 Nxf3+ 22.
Bxf3 hxg5 23. a3 bxc3 24. bxc3 Ba6 25. Rd2 Rb6 26. Be2 Rfb8 27. Rd1 Rb2 28. Bf1
f3 29. Nd2 f2+ 30. Kg2 Bxc3 31. Nc4 Rc2 32. Rac1 Rxc1 33. Rxc1 Bd4 34. Nxd6 Rb3
35. a4 Bxd3 36. Bxd3 Rxd3 37. Nb5 Be3 38. Rf1 c4 39. Kf3 a6 40. e5 axb5 41.
axb5 Bb6+ 42. Ke2 Rg3 0-1